Sports Quiz

Random Sports or Soccer Quiz

Football Leagues Quiz Stats

 Plays Quiz Updated Jan 19, 2012

Score 0/18 Timer 06:00
0 Plays Today
Country League % Correct
EnglandPremier League
87.3%
USA/CanadaMajor League Soccer
75.8%
ItalySerie A
74.8%
GermanyFußball-Bundesliga
74.3%
SpainLa Liga
72.3%
France/MonacoLigue 1
48.5%
RussiaRussian Premier League
48.5%
BrazilCampeonato Brasileiro Série A
46.2%
EgyptEgyptian Premier League
44.3%
Country League % Correct
JapanJ. League Division 1
37.9%
AustraliaA-League
33.7%
NetherlandsEredivisie
30%
TurkeySüper Lig
10.6%
ArgentinaPrimera División
10.3%
ChinaChinese Football Association Super League
8.1%
ParaguayPrimera División de Paraguay
7.5%
ColombiaFútbol Profesional Colombiano
1%
CameroonMTN Elite one
0.9%

You're not logged in!

Compare scores with friends on all Sporcle quizzes.
OR
Log In

Sporcle TV

Today on Sporcle TV


Watch our educational content, quiz creation guides, and fun videos on Sporcle TV.

Show Comments

Extras

Top Quizzes Today


Score Distribution

Your Account Isn't Verified!

In order to create a playlist on Sporcle, you need to verify the email address you used during registration. Go to your Sporcle Settings to finish the process.

Report this User

Report this user for behavior that violates our Community Guidelines.

Details: